zpět

Detail výsledku týmu

Restaurace Loza, Loza

Datum a čas kvízu

41 Celkem bodů Celkový počet nahraných bodů na tomto kvízu bez doplňovacích otázek.
1. Pořadí na kvízu Konečné umístění týmu na tomto kvízu.

Zaznamenané odpovědi

# Otázka Odpověď Body Výsledky
1. "Po ___ společných letech plný... třiceti 1
2. Záplavy minulý týden velmi ztí... Dubaj 1
3. Česká televize zveřejnila jmén... Chili 1
4. Abstraktní obraz Conception/Da... František Kupka 1
5. 21letý litevský reprezentant M... C) hod diskem 1
6. Jihoafrická republika má de fa... Kapské město; Bloemfontein 0.5
7. Chemický prvek hafnium dostal... o Kodaň 1
8. Nyní vám dáme na výběr, zda si... Windhoek; Manila 0.5
9. Které malebné a nepříliš lidna... Lublaň 1
10. Kazachstán drží rekord v přejm... Astana; Nur-Sultan 0.5